Flórula de Cardó (Record no. 64534)

MARC details
000 -LEADER
campo de control de longitud fija 00734nam a2200193 i 4500
001 - NÚMERO DE CONTROL
campo de control 64534
003 - IDENTIFICADOR DE NÚMERO DE CONTROL
campo de control ES-MaACL
005 - FECHA Y HORA DE LA ÚLTIMA TRANSACCIÓN
campo de control 20230906165142.0
007 - CAMPO FIJO DE DESCRIPCIÓN FÍSICA--INFORMACIÓN GENERAL
campo de control de longitud fija t|
008 - DATOS DE LONGITUD FIJA--INFORMACIÓN GENERAL
campo de control de longitud fija 031229s1950 sp ||||1| spa d
080 ## - NÚMERO DE LA CLASIFICACIÓN DECIMAL UNIVERSAL
Número de la Clasificación Decimal Universal 581.9(467.14 Cardó)
100 1# - ENTRADA PRINCIPAL--NOMBRE DE PERSONA
Nombre de persona Font Quer, P. (
Fechas asociadas al nombre 1888-1964)
9 (RLIN) 51574
245 10 - MENCIÓN DEL TÍTULO
Título Flórula de Cardó
Resto del título : consideraciones generales sobre las plantas que se crían en su valle /
Mención de responsabilidad, etc. por P. Font y Quer ; ilustraciones botánicas de E. Sierra y Ráfols.
260 ## - PUBLICACIÓN, DISTRIBUCIÓN, ETC.
Lugar de publicación, distribución, etc. Barcelona :
Nombre del editor, distribuidor, etc. [s.n.,
Fecha de publicación, distribución, etc. 1950] (
Fabricante Mariano Galve)
300 ## - DESCRIPCIÓN FÍSICA
Extensión 165 p., 10 lám. :
Otras características físicas graf., il. ;
Dimensiones 24 cm.
650 #4 - PUNTO DE ACCESO ADICIONAL DE MATERIA--TÉRMINO DE MATERIA
Término de materia o nombre geográfico como elemento de entrada Flora-
Subdivisión geográfica Cardós (España, Valle)
9 (RLIN) 150274
700 0# - ENTRADA AGREGADA--NOMBRE PERSONAL
Nombre de persona Sierra i Ràfols, Eugeni.
9 (RLIN) 106275
852 ## - LOCALIZACIÓN
Ubicación ES-MaACL
Número de control de estantería D-7612
Sublocalización o colección R.30835
Holdings
Estatus retirado Estado de pérdida Estado de daño No para préstamo Biblioteca de origen Biblioteca actual Ubicación en estantería Fecha de adquisición Fuente de adquisición Total de préstamos Signatura topográfica completa Código de barras Visto por última vez Precio de reemplazo Tipo de ítem Koha
        Biblioteca del Ateneo de Madrid Biblioteca del Ateneo de Madrid Sala Valle Inclán 17/01/2008     D-7612 901067623 23/02/2023 23/02/2023 Libro impreso